000 00583nam a2200229Ia 4500
003 OSt
005 20221007082202.0
006 a|||||r|||| 00| 0
007 ta
008 221006b |||||||| |||| 00| 0 eng d
024 _a29,830
037 _cTextual
040 _aFLL
_cFLL
_beng
041 _2eng
_aeng
082 _aXM55:828:Z2, H0
100 _aMehrotra
_9154831
245 0 _aLaw relating to company directors in India
260 _c1940
300 _axxxii,274p
_ccm.
942 _hXM55:828:Z2, H0
_cTEXL
_2CC
999 _c1165589
_d1165589